000 00634nam a2200217 a 4500
999 _c4449
_d4449
005 20200104041550.0
008 160107b ck ||||| |||| 00| 0 spa d
040 _aCO-BoIAVH
_cCO-BoIAVH
041 _aspa
044 _ack
090 _aFG-
_b0210
110 1 _aColombia.
_bCorporación Autónoma Regional de Cundinamarca CAR
245 1 3 _aEl mensajero del sol
260 _aBogotá:
_bCAR,
_c.
300 _a8 páginas
500 _aPrograma Cóndor Andino Colombia
650 1 _aEducación ambiental
650 1 _aFauna
_xconservación
_zColombia
650 1 _aCóndor Andino
942 _cFolleto
_2z